000 00614nam a2200229 i 4500
001 C2-0121458
003 PPAK
005 20180727113129.0
008 970819s1984 enka|||| ||||| | eng d
020 _a0850784859
040 _aPPAK
_beng
_cPPAK
_erda
082 0 4 _a959.5
_223
090 0 0 _a959.5
_bWEE
_dK
100 1 _aWee, Jessie,
_eauthor
245 1 0 _aWe live in Malaysia and Singapore
264 1 _aHove :
_bWayland ,
_c1984
300 _a60 pages :
_bcolour illustrations ;
_c26 cm
336 _2rdacontent
_atext
337 _2rdamedia
_aunmediated
338 _2rdacarrier
_avolume
942 _ddc
_cB
999 _c34475
_d34475